Satellite Communications (Record no. 299721)

MARC details
000 -LEADER
fixed length control field 00405nam a2200169Ia 4500
008 - FIXED-LENGTH DATA ELEMENTS--GENERAL INFORMATION
fixed length control field 230718s9999 xx 000 0 und d
041 ## - LANGUAGE CODE
Language code of text/sound track or separate title eng
082 ## - DEWEY DECIMAL CLASSIFICATION NUMBER
Classification number 621.382'5
Item number ROD
100 ## - MAIN ENTRY--PERSONAL NAME
Personal name Roddy D.
245 ## - TITLE STATEMENT
Title Satellite Communications
250 ## - EDITION STATEMENT
Edition statement 2nd ed.
260 ## - PUBLICATION, DISTRIBUTION, ETC. (IMPRINT)
Date of publication, distribution, etc. 1995
Name of publisher, distributor, etc. Mcgraw Hill
300 ## - PHYSICAL DESCRIPTION
Extent 516
365 ## - TRADE PRICE
Currency code Rs.
Price amount 758.00
700 ## - ADDED ENTRY--PERSONAL NAME
Personal name Roddy D.
906 ## - LOCAL DATA ELEMENT F, LDF (RLIN)
d B:666418-Dec-1999
c ETC
b 113.7
Holdings
Withdrawn status Lost status Damaged status Not for loan Home library Current library Date acquired Vendor Budget Code Cost, normal purchase price Bill number Total Checkouts Full call number Barcode Date last seen Discount Cost, replacement price Bill Date Koha item type Original Barcode
        Cummins College of Engineering for Women Pune Cummins College of Engineering for Women Pune 22/12/1999 Pradeep Book Distributors ETC 644.30 6664   621.382'5 CCEP-BK-10927 18/07/2023 113.7 758.00 18/12/1999 Books 010927